回文読みの市町村 - Statistics

General Stats
  • This quiz has been taken 67 times
  • The average score is 4 of 7
Answer Stats
都道府県 市町村名 % Correct
鹿児島県 志布志市
90%
大分県 杵築市
84%
大分県 竹田市
74%
徳島県 石井町
58%
北海道 利尻町
48%
徳島県 美波町
46%
北海道 津別町
36%
No matching quizzes found
Score Distribution
Percent of People with Each Score
Percentile by Number Answered
Your Score History
You have not taken this quiz